Polyfunkčná budova - monolitická železobetónová konštrukcia
Gespeichert in:
| 1. Verfasser: | |
|---|---|
| Weitere Verfasser: | |
| Format: | Manuskript Buch |
| Sprache: | Slowakisch |
| Veröffentlicht: |
2021
|
| Schlagworte: | |
| Online-Zugang: | http://is.stuba.sk/zp/portal_zp.pl?podrobnosti=159085 https://opac.crzp.sk/?fn=detailBiblioForm&sid=0C216CD716E18223022E04AAC853 |
| Tags: |
Keine Tags, Fügen Sie das erste Tag hinzu!
|
MARC
| LEADER | 00000ntm a22000003a 4500 | ||
|---|---|---|---|
| 001 | stuzp83854 | ||
| 003 | SK-STU | ||
| 005 | 20230515134336.2 | ||
| 007 | ta | ||
| 008 | 150427s2015----xo-----f-mn---000-0-slo-d | ||
| 040 | |a STU |b slo | ||
| 041 | 0 | |a slo | |
| 100 | 1 | |a Struhár, Andrej |u 010110 |4 aut |U SvF Stavebná fakulta |T SvF Katedra betónových konštrukcií a mostov |X 81196 |U V110 |Y 11 |7 81196 | |
| 242 | 0 | 1 | |a Multifunctional building - cast in-situ reinforced concrete structure |y eng |
| 245 | 1 | 0 | |a Polyfunkčná budova - monolitická železobetónová konštrukcia |
| 260 | |c 2021 | ||
| 650 | 4 | |a výkresová dokumentácia |2 slo | |
| 650 | 4 | |a návrh |2 slo | |
| 650 | 4 | |a polyfunkčná budova |2 slo | |
| 650 | 4 | |a posúdenie |2 slo | |
| 650 | 4 | |a design |2 eng | |
| 650 | 4 | |a analysis |2 eng | |
| 650 | 4 | |a multifunctional building |2 eng | |
| 650 | 4 | |a drawings |2 eng | |
| 700 | 1 | |a Majtánová, Lucia |u 010110 |k Z2 |4 ths |U SvF Stavebná fakulta |T SvF Katedra betónových konštrukcií a mostov |X 50518 |U V110 |Y 11 |7 A000050518 | |
| 856 | 4 | |u http://is.stuba.sk/zp/portal_zp.pl?podrobnosti=159085 | |
| 856 | 4 | |u https://opac.crzp.sk/?fn=detailBiblioForm&sid=0C216CD716E18223022E04AAC853 | |